000
00264nam a22001217a 4500
008
181023b xxu||||| |||| 00| 0 eng d
041
_a
eng
080
_2
4 ED
_a
070
100
_a
27
101
_a
MED
245
_a
Convering Media
_c
Pavlik.J.V
942
_2
udc
_c
BK
999
_c
50605
_d
50605